| 000 | 00954nas a2200301 4500 | ||
|---|---|---|---|
| 001 | BR2018002669 | ||
| 003 | BR-BrBNA | ||
| 005 | 20231205131516.0 | ||
| 007 | ta | ||
| 008 | 230509b bl.|||p| |||| 00| 00por d | ||
| 040 |
_aBR-BrBNA _bpor _cBiblioteca Nacional de Agricultura |
||
| 041 | _a(En) | ||
| 072 | _aP33 | ||
| 100 | 1 | _aPredebon, R. | |
| 100 | 1 | _aGatiboni, L.C. | |
| 100 | 1 | _aMumbach, G.L. | |
| 100 | 1 | _aSchmitt, D.E. | |
| 100 | 1 | _aDall'Orsoletta, D.J. | |
| 100 | 1 | _aBrunetto, G. | |
| 245 | 1 | _aAccuracy of methods to estimate potential acidity and lime requirement in soils of west region of Santa Catarina | |
| 650 | _aANÁLISE DO SOLO | ||
| 650 | _aCALAGEM | ||
| 650 | _aACIDEZ | ||
| 773 | 0 |
_tCiência Rural (Brazil) _xISSN 1678-4596 _g(2018), v. 48(4) p. 1-4 _wBR2018002669 |
|
| 856 | 4 | 0 | _uhttp://www.scielo.br/pdf/cr/v48n4/1678-4596-cr-48-04-e20160935.pdf |
| 909 |
_a202311 _bLúcia _c55 _dLúcia Elande |
||
| 942 |
_2AGRIS _n0 _cANA |
||
| 999 |
_c255191 _d255191 |
||